| 000 | 00385nam a2200169Ia 4500 | ||
|---|---|---|---|
| 008 | 230524s9999 xx 000 0 und d | ||
| 020 | _a8127219894 | ||
| 082 |
_a542 _bNAY |
||
| 100 | _aPadma L.Nayak | ||
| 245 | 0 | _aPolymer Science | |
| 250 | _aIST | ||
| 260 |
_aMEERUT _bKalyani _c2008 |
||
| 300 | _aXIX;982 | ||
| 500 | _aQuantity Number: 3 | ||
| 650 | _aChemistry | ||
| 942 | _cBK | ||
| 999 |
_c40969 _d40969 |
||